Análisis de la cobertura del seguro de salud a partir del censo de población 2000 /

সংরক্ষণ করুন:
গ্রন্থ-পঞ্জীর বিবরন
প্রধান লেখক: Picado Chacón, Gustavo
সংস্থা লেখক: Simposio Costa Rica a la luz del Censo del 2000 (5-6 de agosto del 2000)
অন্যান্য লেখক: Salazar Figueroa, Virginia
বিন্যাস: কনফারেন্স প্রসিডিং
অনলাইন ব্যবহার করুন:http://populi.eest.ucr.ac.cr
ট্যাগগুলো: ট্যাগ যুক্ত করুন
কোনো ট্যাগ নেই, প্রথমজন হিসাবে ট্যাগ করুন!

MARC

LEADER 00000 a a2200000 04500
001 44974
003
040
100 |a Picado Chacón, Gustavo  
245 |a Análisis de la cobertura del seguro de salud a partir del censo de población 2000 /  |c Gustavo Picado Chacón; Viriginia Salazar Figueroa  
500 |a Servicios sociales: educación, salud y seguridad social. Parte III  
700 |a Salazar Figueroa, Virginia  
711 |a Simposio Costa Rica a la luz del Censo del 2000 (5-6 de agosto del 2000)  
773 |g páginas 315-337  
856 |u http://populi.eest.ucr.ac.cr  
999 |c 36672  |d 36672